[Event "EU-chT Seniors 15th"]
[Site "Dresden"]
[Date "2013.07.25"]
[Round "6"]
[White "Ost Hansen, Jacob"]
[Black "Gofshtein, Leonid"]
[Result "0-1"]
[WhiteElo "2386"]
[BlackElo "2460"]
[EventDate "2013.07.20"]
[PlyCount "70"]

1.g3 e5 2.c4 d6 3.Bg2 f5 4.Nc3 Nf6 5.d3 Be7 6.Bg5 c6 7.e3 O-O 8.Nge2 Nbd7 
9.Qd2 h6 10.Bxf6 Nxf6 11.f4 a6 12.O-O Bd7 13.Rad1 Qe8 14.d4 e4 15.Na4 b5 
16.Nb6 Rb8 17.Nxd7 Qxd7 18.Rc1 Qb7 19.b3 c5 20.Rfd1 Rfd8 21.h3 Rbc8 22.Bf1
bxc4 23.Rxc4 Nd5 24.Qc1 Kh8 25.dxc5 dxc5 26.Rc2 Nb4 27.Rcd2 Nd3 28.Qc4 Rd6
29.Nc3 Bf6 30.Bxd3 exd3 31.Kf2 Rd4 32.Qe6 c4 33.bxc4 Rcxc4 34.Rxd3 Rxd3 
35.Qxc4 Rxc3 0-1

[Event "EU-chT Seniors 15th"]
[Site "Dresden"]
[Date "2013.07.25"]
[Round "6"]
[White "Schlag, Franz"]
[Black "Nielsen, Peter"]
[Result "1/2-1/2"]
[WhiteElo "2037"]
[BlackElo "1753"]
[EventDate "2013.07.20"]
[PlyCount "34"]

1.Nc3 d5 2.e4 dxe4 3.Nxe4 Nd7 4.d4 Ngf6 5.Ng3 e6 6.Bd3 Bd6 7.N1e2 b6 8.O-O
Bb7 9.c3 c5 10.f4 h5 11.h3 Qc7 12.Rf2 c4 13.Qc2 Qc6 14.Be3 h4 15.Nf1 Ng4 
16.Rf3 Nxe3 17.Nxe3 Nf6 1/2-1/2

[Event "EU-chT Seniors 15th"]
[Site "Dresden"]
[Date "2013.07.25"]
[Round "6"]
[White "Schuetze, Hasso"]
[Black "Haase, Wolfgang"]
[Result "0-1"]
[WhiteElo "2070"]
[BlackElo "2120"]
[EventDate "2013.07.20"]
[PlyCount "86"]

1.c4 e5 2.Nc3 Nf6 3.g3 c6 4.d4 exd4 5.Qxd4 d5 6.Bg2 dxc4 7.Qxc4 Be6 8.Qd3 
Qxd3 9.exd3 Na6 10.Be3 Nb4 11.Rd1 Nxa2 12.Nxa2 Bxa2 13.Ra1 Bd5 14.Bxd5 
Nxd5 15.Rxa7 Rxa7 16.Bxa7 Bb4+ 17.Ke2 Kd7 18.Bd4 Re8+ 19.Kf3 Re1 20.Bxg7 
f6 21.g4 Ke6 22.h4 Bc5 23.g5 Rf1 24.Bxf6 Rxf2+ 25.Kg3 Nxf6 26.gxf6 Rf1 27.
Kg2 Rb1 28.Nf3 Rxb2+ 29.Kg3 Kxf6 30.Ng5 Bd6+ 31.Kf3 h6 32.Ne4+ Ke6 33.Nxd6
Kxd6 34.Rg1 h5 35.Rg5 Rb5 36.Rg6+ Kc7 37.Rh6 Rd5 38.Ke3 b5 39.d4 b4 40.Rh8
b3 41.Kd3 c5 42.Kc3 cxd4+ 43.Kxb3 d3 0-1

[Event "EU-chT Seniors 15th"]
[Site "Dresden"]
[Date "2013.07.25"]
[Round "6"]
[White "Thygesen, Else"]
[Black "Biller, Helmut"]
[Result "1/2-1/2"]
[WhiteElo "2105"]
[BlackElo "2098"]
[EventDate "2013.07.20"]
[PlyCount "27"]

1.d4 Nf6 2.c4 e6 3.Nc3 Bb4 4.Bg5 h6 5.Bh4 c5 6.d5 b5 7.f3 bxc4 8.e4 exd5 
9.exd5 O-O 10.Bxc4 d6 11.Ne2 Bf5 12.Bd3 Bxd3 13.Qxd3 Re8 14.f4 1/2-1/2

[Event "EU-chT Seniors 15th"]
[Site "Dresden"]
[Date "2013.07.25"]
[Round "6"]
[White "Goerden, Hans Juergen"]
[Black "Krueger, Erich"]
[Result "1/2-1/2"]
[WhiteElo "1930"]
[BlackElo "2193"]
[EventDate "2013.07.20"]
[PlyCount "81"]

1.e4 c6 2.d4 d5 3.e5 Bf5 4.Bd3 Bxd3 5.Qxd3 e6 6.Ne2 Qa5+ 7.Bd2 Qa6 8.Qxa6 
Nxa6 9.Nbc3 Ne7 10.Ng3 c5 11.dxc5 Nc6 12.f4 Bxc5 13.O-O-O Rc8 14.a3 Nc7 
15.Nge2 b5 16.Kb1 O-O 17.Nc1 a5 18.N3a2 Na6 19.Nd3 Ba7 20.Rc1 Rb8 21.Rhe1 
Rfc8 22.g4 Rb7 23.f5 b4 24.axb4 axb4 25.fxe6 fxe6 26.h4 Rcb8 27.b3 Bd4 28.
Be3 Ra8 29.Bxd4 Nxd4 30.Rcd1 Nb5 31.Kb2 Nbc7 32.Rf1 Rd8 33.Rf4 d4 34.Nf2 
Nb5 35.Nc1 Rc7 36.Ne4 Rdc8 37.Rd2 Na3 38.Rff2 Nb5 39.Nd6 Nxd6 40.exd6 Rd7 
41.Rxd4 1/2-1/2

[Event "EU-chT Seniors 15th"]
[Site "Dresden"]
[Date "2013.07.25"]
[Round "6"]
[White "Goldberg, Valerij"]
[Black "Rosen, Willy"]
[Result "0-1"]
[WhiteElo "2150"]
[BlackElo "2290"]
[EventDate "2013.07.20"]
[PlyCount "118"]

1.e4 c5 2.Nf3 Nc6 3.d4 cxd4 4.Nxd4 Qb6 5.Nb3 Nf6 6.Nc3 e6 7.Qe2 Bb4 8.Bd2 
O-O 9.a3 Bxc3 10.Bxc3 e5 11.O-O-O Qc7 12.f4 d6 13.f5 a6 14.g4 Kh8 15.g5 
Ng8 16.Qd2 Rd8 17.Bc4 b6 18.Bd5 Bb7 19.Rhe1 a5 20.Qf2 b5 21.f6 b4 22.axb4 
axb4 23.fxg7+ Kxg7 24.Rf1 Rd7 25.Be1 Na5 26.Nxa5 Rxa5 27.Bxb4 Ra1+ 28.Kd2 
Rxd1+ 29.Rxd1 Bxd5 30.exd5 Qc4 31.c3 Qxd5+ 32.Kc1 Qe6 33.Qb6 d5 34.Qxe6 
fxe6 35.Bc5 Ne7 36.Re1 e4 37.Bd4+ Kg6 38.h4 Nf5 39.Bf2 Kh5 40.b4 Kg4 41.
Kc2 Nd6 42.Rg1+ Kf3 43.Bc5 Nc4 44.h5 e3 45.g6 e2 46.Bf8 Ne3+ 47.Kd2 Kf2 
48.Rc1 d4 49.Bc5 dxc3+ 50.Kxc3 Rd1 51.Rc2 hxg6 52.hxg6 Kf3 53.Rxe2 Kxe2 
54.g7 Rg1 55.Bd4 Rg4 56.b5 Nd5+ 57.Kc4 Kf3 58.Kc5 Ke4 59.Bb2 e5 0-1

[Event "EU-chT Seniors 15th"]
[Site "Dresden"]
[Date "2013.07.25"]
[Round "6"]
[White "Nautsch, Werner"]
[Black "Eskandary, Jahja"]
[Result "1-0"]
[WhiteElo "2206"]
[BlackElo "2108"]
[EventDate "2013.07.20"]
[PlyCount "115"]

1.d4 d6 2.c4 Nd7 3.Nc3 e5 4.e3 c6 5.Nge2 Ngf6 6.g3 Be7 7.Bg2 Nb6 8.b3 Bd7 
9.O-O h5 10.f4 exd4 11.Nxd4 h4 12.f5 hxg3 13.hxg3 d5 14.cxd5 Nbxd5 15.Nxd5
cxd5 16.Bd2 Bd6 17.Qf3 Ne4 18.Be1 Qg5 19.Bf2 Nd2 20.Qxd5 Qh6 21.Be1 Qh2+ 
22.Kf2 Bxg3+ 23.Ke2 Nxf1 24.Kxf1 Bxe1 25.Rxe1 Qc7 26.Qxb7 Qxb7 27.Bxb7 Rb8
28.Bg2 Rh6 29.Ke2 Ra6 30.a4 Ra5 31.Be4 Ke7 32.Rc1 Kd6 33.Rg1 Rg8 34.Bd3 
Rc5 35.Bc4 Ke7 36.e4 a5 37.Ke3 Bxa4 38.Bxf7 Kxf7 39.bxa4 Rc4 40.Rg6 Rxa4 
41.Ra6 g5 42.Ra7+ Kf6 43.Ra6+ Ke7 44.e5 Rc8 45.Ra7+ Kf8 46.f6 Rc3+ 47.Kd2 
Rxd4+ 48.Kxc3 Re4 49.Rxa5 g4 50.Kd3 Re1 51.Kd4 g3 52.Ra8+ Kf7 53.Ra7+ Kf8 
54.Rg7 Rg1 55.e6 Rd1+ 56.Kc3 Re1 57.e7+ Ke8 58.Rg8+ 1-0

[Event "EU-chT Seniors 15th"]
[Site "Dresden"]
[Date "2013.07.25"]
[Round "6"]
[White "Appelt, Gerd"]
[Black "Rychlik, Kurt"]
[Result "1/2-1/2"]
[WhiteElo "2059"]
[BlackElo "2098"]
[EventDate "2013.07.20"]
[PlyCount "81"]

1.e4 g6 2.d4 Bg7 3.c3 d6 4.Bd3 a6 5.Be3 b5 6.a4 bxa4 7.Qxa4+ Bd7 8.Qc2 Nf6
9.f3 O-O 10.Ne2 c6 11.Na3 Qc7 12.O-O Bc8 13.b4 Nbd7 14.Nc4 d5 15.Bf4 Qb7 
16.Na5 Qb6 17.Kh1 Nh5 18.e5 Nxf4 19.Nxf4 e6 20.Rfe1 Ra7 21.Nh3 Nb8 22.Nb3 
Qd8 23.Qe2 Bh6 24.g3 f6 25.f4 fxe5 26.Qxe5 Bd7 27.Nc5 Bg7 28.Qe2 e5 29.
Nxd7 Qxd7 30.Qg2 exd4 31.c4 Rb7 32.cxd5 cxd5 33.Ra5 Rxb4 34.Rxd5 Qc7 35.
Qa2 Kh8 36.Ng5 Qc3 37.Rd1 Rb2 38.Qa4 Nc6 39.Ne4 Qb3 40.Qxb3 Rxb3 41.Nc5 
1/2-1/2

[Event "EU-chT Seniors 15th"]
[Site "Dresden"]
[Date "2013.07.25"]
[Round "6"]
[White "Eichner, Christian"]
[Black "Pape, Manfred"]
[Result "1-0"]
[WhiteElo "2086"]
[BlackElo "2216"]
[EventDate "2013.07.20"]
[PlyCount "71"]

1.e4 c6 2.d4 g6 3.Nc3 Bg7 4.Nf3 d6 5.h3 Nd7 6.Bc4 h6 7.a4 Qc7 8.O-O Ngf6 
9.Qe2 e5 10.dxe5 dxe5 11.b3 Nc5 12.Rd1 O-O 13.Ba3 b6 14.Qe3 Re8 15.Bxc5 
bxc5 16.Qxc5 Bf8 17.Qe3 a5 18.Rd3 Nd7 19.Rad1 Nc5 20.R3d2 Kh7 21.g4 f6 22.
Ne2 Nb7 23.Ng3 Bc5 24.Qe2 Bb4 25.c3 Bf8 26.Ba6 Qb6 27.Rd7+ Bxd7 28.Rxd7+ 
Re7 29.Bxb7 Rxd7 30.Bxa8 Ra7 31.Qc4 Rxa8 32.Qf7+ Bg7 33.Nh4 Qd8 34.Qxg6+ 
Kh8 35.Nhf5 Ra7 36.Nh5 1-0

[Event "EU-chT Seniors 15th"]
[Site "Dresden"]
[Date "2013.07.25"]
[Round "6"]
[White "Szenetra, Werner"]
[Black "Schroeter, Helmut"]
[Result "1/2-1/2"]
[WhiteElo "2186"]
[BlackElo "2063"]
[EventDate "2013.07.20"]
[PlyCount "80"]

1.Nf3 Nf6 2.g3 d6 3.Bg2 e5 4.d3 Be7 5.O-O O-O 6.c4 c6 7.Nc3 h6 8.h3 Be6 9.
b3 Nbd7 10.Qc2 Rc8 11.d4 Qc7 12.Bb2 d5 13.dxe5 Ne8 14.cxd5 cxd5 15.Qd3 Qa5
16.Rfd1 Nc7 17.a3 Nc5 18.Qc2 Qb6 19.b4 Nd7 20.e3 a5 21.Na4 Qa6 22.Bf1 Qa8 
23.Qe2 Na6 24.b5 Ndc5 25.Nxc5 Nxc5 26.Nd4 Bd7 27.a4 f6 28.exf6 Bxf6 29.Bg2
Ne4 30.Bxe4 dxe4 31.Ba3 Rf7 32.Kh2 Qb8 33.Rac1 Re8 34.Qa2 Bxd4 35.Rxd4 Be6
36.Qd2 Qe5 37.Rc5 Qf6 38.Rxe4 Rd8 39.Rd4 Rxd4 40.exd4 Qxf2+ 1/2-1/2

[Event "EU-chT Seniors 15th"]
[Site "Dresden"]
[Date "2013.07.25"]
[Round "6"]
[White "James, Geoffrey"]
[Black "Petzold, Hans"]
[Result "1/2-1/2"]
[WhiteElo "2191"]
[BlackElo "2129"]
[EventDate "2013.07.20"]
[PlyCount "30"]

1.c4 e5 2.g3 Nc6 3.Bg2 f5 4.d3 Bb4+ 5.Bd2 Bxd2+ 6.Qxd2 Nf6 7.Nc3 d6 8.e3 
O-O 9.Nge2 Qe8 10.O-O Bd7 11.f4 Qh5 12.Nd5 Nxd5 13.Bxd5+ Kh8 14.Nc3 Nd8 
15.b4 Bc6 1/2-1/2

[Event "EU-chT Seniors 15th"]
[Site "Dresden"]
[Date "2013.07.25"]
[Round "6"]
[White "Kahn, Peter"]
[Black "Norman, Kenneth I"]
[Result "1/2-1/2"]
[WhiteElo "2129"]
[BlackElo "2172"]
[EventDate "2013.07.20"]
[PlyCount "59"]

1.e4 e5 2.Nf3 Nc6 3.Bb5 a5 4.Ba4 Nf6 5.d4 exd4 6.O-O Be7 7.Re1 O-O 8.e5 
Ne8 9.Bf4 f6 10.Nxd4 Nxe5 11.Bxe5 fxe5 12.Bb3+ Kh8 13.Rxe5 Bf6 14.Re3 c5 
15.Rh3 g6 16.Ne2 d5 17.Rf3 Nc7 18.c3 Bg4 19.Rf4 Qd7 20.h3 Bxe2 21.Qxe2 
Rae8 22.Qd1 b5 23.Nd2 Ne6 24.Rf3 c4 25.Bc2 d4 26.Ne4 Bg7 27.Rxf8+ Rxf8 28.
Qd2 d3 29.Re1 Qc6 30.Bd1 1/2-1/2

[Event "EU-chT Seniors 15th"]
[Site "Dresden"]
[Date "2013.07.25"]
[Round "6"]
[White "Yeo, Michael"]
[Black "Roos, Hans Goerg"]
[Result "1-0"]
[WhiteElo "2170"]
[BlackElo "2022"]
[EventDate "2013.07.20"]
[PlyCount "123"]

1.e4 c5 2.Nf3 d6 3.d4 cxd4 4.Nxd4 Nf6 5.Nc3 g6 6.Be3 Bg7 7.f3 O-O 8.Bc4 
Nc6 9.Qd2 Nd7 10.h4 Nb6 11.Bb3 Na5 12.Qd3 Bd7 13.h5 Nxb3 14.axb3 Re8 15.
hxg6 fxg6 16.Nde2 Bc6 17.Bd4 e5 18.Bxb6 Qxb6 19.O-O-O Rad8 20.Kb1 Qc5 21.
Nd5 a5 22.Nec3 Rc8 23.Rh2 b5 24.Rdh1 b4 25.Na4 Bxa4 26.bxa4 Qc4 27.Rxh7 
Qxd3 28.cxd3 Rc5 29.R7h3 b3 30.Rc1 Rxc1+ 31.Kxc1 Kf7 32.Kd2 Rc8 33.Nc3 Bf6
34.Rh7+ Bg7 35.g3 Kg8 36.Rh1 Bf6 37.f4 exf4 38.gxf4 Bd4 39.Rc1 Rf8 40.Ne2 
Bc5 41.d4 Bb4+ 42.Ke3 Rb8 43.Kd3 Rb7 44.Rc6 Kf7 45.Nc1 Ba3 46.Rc3 Bxb2 47.
Rxb3 Rc7 48.Ne2 Bc1 49.Rb5 Ba3 50.Rxa5 Rb7 51.Rb5 Ra7 52.a5 Ke7 53.Kc4 
Rc7+ 54.Kb3 Bc1 55.Nxc1 Rxc1 56.a6 Ra1 57.Rb7+ Ke6 58.a7 Ra6 59.Kc4 Ra4+ 
60.Kb5 Ra1 61.Kc6 Rc1+ 62.Kb6 1-0

[Event "EU-chT Seniors 15th"]
[Site "Dresden"]
[Date "2013.07.25"]
[Round "6"]
[White "Ashby, Anthony"]
[Black "Strobel, Ferdinand"]
[Result "1-0"]
[WhiteElo "2116"]
[BlackElo "2099"]
[EventDate "2013.07.20"]
[PlyCount "41"]

1.e4 d6 2.d4 Nf6 3.f3 c6 4.c4 g6 5.Nc3 Bg7 6.Be3 Nbd7 7.Bd3 e5 8.d5 O-O 9.
Nce2 Nh5 10.g4 Nf4 11.Nxf4 exf4 12.Bxf4 Ne5 13.Be2 f5 14.gxf5 gxf5 15.Qd2 
Qh4+ 16.Bg3 Qh6 17.f4 Ng6 18.O-O-O c5 19.Kb1 Kh8 20.Bf1 fxe4 21.Ne2 1-0

[Event "EU-chT Seniors 15th"]
[Site "Dresden"]
[Date "2013.07.25"]
[Round "6"]
[White "Burnett, Jim"]
[Black "Titz, Heimo"]
[Result "1/2-1/2"]
[WhiteElo "2117"]
[BlackElo "2204"]
[EventDate "2013.07.20"]
[PlyCount "105"]

1.d4 Nf6 2.c4 e6 3.Nf3 Bb4+ 4.Nbd2 O-O 5.a3 Bxd2+ 6.Bxd2 b6 7.g3 Bb7 8.Bg2
d6 9.O-O Nbd7 10.Rc1 a5 11.b3 Ne4 12.Bf4 h6 13.Nd2 Nxd2 14.Qxd2 Bxg2 15.
Kxg2 f5 16.f3 Qe7 17.Rfe1 e5 18.Be3 Rae8 19.dxe5 Nxe5 20.Bf2 Qf7 21.Qd5 
Re6 22.b4 axb4 23.axb4 Kh7 24.Ra1 Re7 25.Qxf7 Rexf7 26.Rec1 Nc6 27.b5 Na5 
28.Rc2 Re8 29.Ra3 Rfe7 30.Kf1 Kg6 31.Be1 Nb7 32.Ra7 Nd8 33.Bf2 Ne6 34.Rca2
Kf7 35.Ra8 g5 36.Rxe8 Rxe8 37.h3 Rd8 38.g4 f4 39.e4 Kg6 40.Ke2 h5 41.gxh5+
Kxh5 42.Ra1 Rh8 43.Kf1 Kg6 44.Kg2 Rg8 45.Be1 Kf7 46.Bc3 Rd8 47.Ra7 Kg6 48.
Kf2 Kf7 49.Kg2 Rc8 50.Kf2 Nc5 51.Ke2 Ke6 52.Ra1 Nd7 53.Kd3 1/2-1/2

[Event "EU-chT Seniors 15th"]
[Site "Dresden"]
[Date "2013.07.25"]
[Round "6"]
[White "Singer, Hans"]
[Black "MacDonald Ross, Michael"]
[Result "1-0"]
[WhiteElo "2168"]
[BlackElo "2136"]
[EventDate "2013.07.20"]
[PlyCount "77"]

1.Nf3 Nf6 2.c4 e6 3.d4 d5 4.Nc3 Be7 5.Bg5 h6 6.Bh4 O-O 7.e3 b6 8.cxd5 Nxd5
9.Bxe7 Qxe7 10.Nxd5 exd5 11.Rc1 Be6 12.Qa4 Rc8 13.Be2 c5 14.dxc5 bxc5 15.
O-O a5 16.Rc3 c4 17.Nd4 Qb4 18.Qc2 Nd7 19.e4 Nc5 20.exd5 Bxd5 21.Bxc4 Be4 
22.Qc1 Qb7 23.Rg3 Kf8 24.Qf4 Qc7 25.Qg4 Qe5 26.Nb3 Nxb3 27.axb3 Bg6 28.h4 
Rd8 29.Qf3 Qe4 30.Qxe4 Bxe4 31.Re3 Bg6 32.Ra1 Rd4 33.g3 f6 34.Re2 Bf7 35.
Bxf7 Kxf7 36.Rc2 Rd5 37.Rc7+ Kg6 38.Ra4 h5 39.b4 1-0

[Event "EU-chT Seniors 15th"]
[Site "Dresden"]
[Date "2013.07.25"]
[Round "6"]
[White "Titz, Herbert"]
[Black "Quinn, John"]
[Result "0-1"]
[WhiteElo "2003"]
[BlackElo "2103"]
[EventDate "2013.07.20"]
[PlyCount "54"]

1.e4 c5 2.Nf3 e6 3.d4 cxd4 4.Nxd4 Nc6 5.c3 Qc7 6.Be2 Nf6 7.Bf3 a6 8.g3 d6 
9.O-O Bd7 10.a4 Be7 11.Na3 h5 12.Be3 Ne5 13.Bg2 h4 14.f4 Neg4 15.Nac2 hxg3
16.hxg3 Qc5 17.Nxe6 Qc4 18.Ned4 Bxa4 19.Re1 Bd7 20.e5 dxe5 21.fxe5 Nd5 22.
e6 Bxe6 23.Nxe6 fxe6 24.Nd4 Ndxe3 25.Qf3 Nxg2 26.Rxe6 N2e3 27.Qxb7 O-O 0-1

[Event "EU-chT Seniors 15th"]
[Site "Dresden"]
[Date "2013.07.25"]
[Round "6"]
[White "Bondick, Karl Heinz"]
[Black "Reuben, Stewart"]
[Result "0-1"]
[WhiteElo "2082"]
[BlackElo "2069"]
[EventDate "2013.07.20"]
[PlyCount "92"]

1.d4 Nf6 2.c4 e6 3.Bg5 c5 4.d5 exd5 5.cxd5 d6 6.Nc3 Be7 7.Nf3 O-O 8.h3 Na6
9.e4 Nc7 10.a4 Bd7 11.Be3 a6 12.e5 dxe5 13.d6 e4 14.Ne5 Bxa4 15.Nxa4 Qxd6 
16.Qxd6 Bxd6 17.Nc4 Be7 18.Ncb6 Rad8 19.Nxc5 Ncd5 20.Nxd5 Nxd5 21.Nxe4 
Bb4+ 22.Nd2 Nxe3 23.fxe3 Rxd2 24.Be2 Rc8 25.Rd1 Rxb2+ 26.Kf1 Bd2 27.h4 
Bxe3 28.Rh3 Bb6 29.Rhd3 g6 30.h5 gxh5 31.R3d2 Rxd2 32.Rxd2 Rc1+ 33.Bd1 Bc5
34.Ke2 b5 35.Rd7 Rc3 36.Kf1 Rc1 37.Ke1 Kf8 38.Kd2 Rc4 39.Kd3 h4 40.Bf3 a5 
41.Rb7 Rd4+ 42.Kc3 b4+ 43.Kb3 h3 44.gxh3 Rd3+ 45.Kc4 Rxf3 46.Kxc5 Rxh3 0-1

[Event "EU-chT Seniors 15th"]
[Site "Dresden"]
[Date "2013.07.25"]
[Round "6"]
[White "Habershon, Paul"]
[Black "Werchan, Hans"]
[Result "0-1"]
[WhiteElo "2092"]
[BlackElo "2141"]
[EventDate "2013.07.20"]
[PlyCount "44"]

1.e4 c5 2.Nc3 e6 3.f4 d5 4.Nf3 dxe4 5.Nxe4 a6 6.g3 Nc6 7.Bg2 Be7 8.d3 Nf6 
9.O-O Rb8 10.Kh1 O-O 11.Be3 b6 12.Qe2 Bb7 13.Rad1 Qc7 14.Nxf6+ Bxf6 15.d4 
cxd4 16.Nxd4 Rfd8 17.Nxc6 Bxc6 18.b3 b5 19.f5 exf5 20.Bf4 Bxg2+ 21.Kxg2 
Qc6+ 22.Kh3 g5 0-1

[Event "EU-chT Seniors 15th"]
[Site "Dresden"]
[Date "2013.07.25"]
[Round "6"]
[White "Wood, Peter R"]
[Black "Andreas, Guenter"]
[Result "1/2-1/2"]
[WhiteElo "1951"]
[BlackElo "2000"]
[EventDate "2013.07.20"]
[PlyCount "101"]

1.e4 c5 2.Nc3 e6 3.g3 Nf6 4.Bg2 Be7 5.e5 Nd5 6.Nxd5 exd5 7.Bxd5 Nc6 8.f4 
d6 9.exd6 Qxd6 10.Bg2 O-O 11.Nf3 Bg4 12.O-O Nd4 13.c3 Nxf3+ 14.Bxf3 Bxf3 
15.Qxf3 b5 16.Rd1 Bf6 17.Kh1 Rad8 18.Rb1 Qd3 19.Qxd3 Rxd3 20.Re1 g6 21.a4 
b4 22.cxb4 cxb4 23.b3 Kg7 24.Re4 a5 25.Kg2 h5 26.Kf1 Rfd8 27.Ke2 R3d5 28.
d4 Bxd4 29.Rxd4 Rxd4 30.Bb2 f6 31.Bxd4 Rxd4 32.Rc1 Rd5 33.Rc7+ Kh6 34.Rc6 
Kg7 35.Rc7+ Kh6 36.Rb7 Rc5 37.Rb5 Rc3 38.Rxa5 Rxb3 39.Rb5 Rb2+ 40.Kf3 Rxh2
41.Rxb4 Ra2 42.Rc4 f5 43.Rb4 Ra3+ 44.Kg2 h4 45.gxh4 Kh5 46.Rc4 Kxh4 47.Kf2
Kg4 48.Rb4 g5 49.fxg5+ Kxg5 50.Rc4 f4 51.Rc8 1/2-1/2

[Event "EU-chT Seniors 15th"]
[Site "Dresden"]
[Date "2013.07.25"]
[Round "6"]
[White "Kratschmer, Heinz"]
[Black "Dekan, Hans"]
[Result "1/2-1/2"]
[WhiteElo "2139"]
[BlackElo "2172"]
[EventDate "2013.07.20"]
[PlyCount "34"]

1.d4 d5 2.Nf3 Nf6 3.e3 Bf5 4.c4 c6 5.Nc3 e6 6.Nh4 Bg4 7.Qb3 Qb6 8.h3 Bh5 
9.g4 Bg6 10.Nxg6 hxg6 11.Bg2 Be7 12.Bd2 Nbd7 13.O-O dxc4 14.Qxc4 Qxb2 15.
Rab1 Qxd2 16.Rfd1 Qc2 17.Rdc1 Qd2 1/2-1/2

[Event "EU-chT Seniors 15th"]
[Site "Dresden"]
[Date "2013.07.25"]
[Round "6"]
[White "Sandmeier, Toni"]
[Black "Nickl, Klaus"]
[Result "1/2-1/2"]
[WhiteElo "2204"]
[BlackElo "2101"]
[EventDate "2013.07.20"]
[PlyCount "42"]

1.c4 Nf6 2.g3 g6 3.Bg2 Bg7 4.Nc3 O-O 5.Nf3 d6 6.O-O Nc6 7.Rb1 a5 8.a3 e5 
9.b4 axb4 10.axb4 Bf5 11.d3 Qd7 12.Bg5 h6 13.Bxf6 Bxf6 14.Nd5 Bg7 15.Qd2 
Ne7 16.Rfc1 Nc8 17.Nh4 Be6 18.b5 g5 19.Nf3 c6 20.bxc6 bxc6 21.Nb4 Ne7 
1/2-1/2

[Event "EU-chT Seniors 15th"]
[Site "Dresden"]
[Date "2013.07.25"]
[Round "6"]
[White "Striebich, Rudolf"]
[Black "Pitzl, Konstantinos"]
[Result "1/2-1/2"]
[WhiteElo "2190"]
[BlackElo "2055"]
[EventDate "2013.07.20"]
[PlyCount "45"]

1.g3 Nf6 2.Bg2 g6 3.c4 Bg7 4.Nc3 O-O 5.Nf3 d6 6.O-O e5 7.d3 Nbd7 8.Rb1 a5 
9.a3 Nc5 10.b4 axb4 11.axb4 Ne6 12.e3 c6 13.Qc2 Nh5 14.b5 Nc5 15.Bb2 Bf5 
16.e4 Bg4 17.h3 Be6 18.Ra1 Qd7 19.Kh2 h6 20.Rxa8 Rxa8 21.Ra1 Qc8 22.bxc6 
bxc6 23.Na4 1/2-1/2

[Event "EU-chT Seniors 15th"]
[Site "Dresden"]
[Date "2013.07.25"]
[Round "6"]
[White "Andersson, Gunnar"]
[Black "Vinke, Dietmar"]
[Result "1/2-1/2"]
[WhiteElo "2073"]
[BlackElo "2225"]
[EventDate "2013.07.20"]
[PlyCount "45"]

1.e4 g6 2.d4 Bg7 3.Nc3 c6 4.g3 d6 5.Bg2 Nd7 6.Nge2 Ngf6 7.O-O O-O 8.h3 e5 
9.Be3 Re8 10.Kh2 b5 11.d5 cxd5 12.Nxd5 Bb7 13.Nec3 a6 14.a3 Rc8 15.Qd2 
Nxd5 16.Nxd5 Bxd5 17.Qxd5 Rxc2 18.Qxd6 Nb8 19.Qxd8 Rxd8 20.Rfd1 Rdc8 21.
Rac1 Rxc1 22.Rxc1 Rxc1 23.Bxc1 1/2-1/2

[Event "EU-chT Seniors 15th"]
[Site "Dresden"]
[Date "2013.07.25"]
[Round "6"]
[White "Johansson, Per"]
[Black "Kivipelto, Kaj Erik"]
[Result "1/2-1/2"]
[WhiteElo "2007"]
[BlackElo "2186"]
[EventDate "2013.07.20"]
[PlyCount "47"]

1.d4 Nf6 2.Nf3 g6 3.c4 Bg7 4.g3 O-O 5.Bg2 d6 6.O-O Nc6 7.Nc3 Bf5 8.d5 Na5 
9.Qa4 c5 10.dxc6 Nxc6 11.Rd1 Ne4 12.Nd5 Nc5 13.Qa3 Bc2 14.Rd2 Be4 15.Rd1 
e6 16.Ne3 Bxf3 17.Bxf3 Nd4 18.Bd2 Nxf3+ 19.exf3 Qe7 20.Bc3 a5 21.Bxg7 Kxg7
22.Qc3+ f6 23.Rd2 Rfc8 24.Qd4 1/2-1/2

[Event "EU-chT Seniors 15th"]
[Site "Dresden"]
[Date "2013.07.25"]
[Round "6"]
[White "Morant, Paul"]
[Black "Danielsson, Robert"]
[Result "1-0"]
[WhiteElo "2166"]
[BlackElo "2071"]
[EventDate "2013.07.20"]
[PlyCount "101"]

1.e4 c5 2.Nf3 Nc6 3.d4 cxd4 4.Nxd4 g6 5.Nc3 Bg7 6.Be3 Nf6 7.Be2 O-O 8.O-O 
d5 9.exd5 Nxd5 10.Nxd5 Qxd5 11.Bf3 Qa5 12.Nxc6 bxc6 13.Qc1 Rb8 14.c3 c5 
15.Re1 Qc7 16.Bg5 Re8 17.Bd5 Ba6 18.Bf4 e5 19.Bg5 Bb7 20.Rd1 Bxd5 21.Rxd5 
Qb7 22.Rd2 f5 23.Qf1 Qb5 24.c4 Qc6 25.Rad1 Bf8 26.Bd8 e4 27.b3 Bg7 28.Rd6 
Qc8 29.Bf6 Bxf6 30.Rxf6 Qc7 31.Rd5 e3 32.fxe3 Rxe3 33.Rfd6 Rbe8 34.Rd1 Qa5
35.R6d2 Qc3 36.Rd3 Qe5 37.Rxe3 Qxe3+ 38.Qf2 Qxf2+ 39.Kxf2 Re7 40.Rd8+ Kf7 
41.Rc8 Ke6 42.Rxc5 Kd6 43.Rb5 Kc6 44.a4 Kd6 45.a5 a6 46.Rb6+ Kc5 47.Rxa6 
Kb4 48.Rb6+ Kxa5 49.c5 Rc7 50.b4+ Ka4 51.c6 1-0

[Event "EU-chT Seniors 15th"]
[Site "Dresden"]
[Date "2013.07.25"]
[Round "6"]
[White "Westerinen, Heikki MJ"]
[Black "Bernhardsson, Sten"]
[Result "1-0"]
[WhiteElo "2286"]
[BlackElo "2084"]
[EventDate "2013.07.20"]
[PlyCount "57"]

1.e4 c5 2.Nf3 e6 3.Nc3 a6 4.g3 b5 5.Bg2 Bb7 6.d4 cxd4 7.Nxd4 Nf6 8.a3 Be7 
9.O-O O-O 10.e5 Nd5 11.Nxd5 Bxd5 12.Bxd5 exd5 13.Nf5 Nc6 14.Qxd5 Re8 15.
Bf4 Ra7 16.Rad1 Bf8 17.Rfe1 g6 18.Nh6+ Bxh6 19.Bxh6 Rc7 20.f4 Ne7 21.Qd2 
Nf5 22.Bg5 Qc8 23.c3 h5 24.Qf2 Rc6 25.Rd5 d6 26.Red1 Qe6 27.Bf6 dxe5 28.
Rxe5 Qc8 29.Rxe8+ 1-0

[Event "EU-chT Seniors 15th"]
[Site "Dresden"]
[Date "2013.07.25"]
[Round "6"]
[White "Beltz, Robert"]
[Black "Schulze, Ulrich"]
[Result "1/2-1/2"]
[WhiteElo "2152"]
[BlackElo "2316"]
[EventDate "2013.07.20"]
[PlyCount "55"]

1.Nf3 Nf6 2.c4 g6 3.b3 Bg7 4.Bb2 O-O 5.g3 d6 6.Bg2 c5 7.d3 Nc6 8.O-O Rb8 
9.Nc3 Bd7 10.d4 cxd4 11.Nxd4 Qa5 12.Nd5 Nxd5 13.Nxc6 bxc6 14.Bxg7 Kxg7 15.
cxd5 c5 16.Qc1 Rfc8 17.Qe3 Qd8 18.Rac1 a5 19.Rc4 Rb4 20.Rfc1 Rcb8 21.Re4 
Rxe4 22.Bxe4 a4 23.Qc3+ Kg8 24.Bd3 axb3 25.axb3 Qb6 26.Bc4 Ra8 27.Qe3 Qd8 
28.h4 1/2-1/2

[Event "EU-chT Seniors 15th"]
[Site "Dresden"]
[Date "2013.07.25"]
[Round "6"]
[White "Haakert, Juergen"]
[Black "Pruefer, Friedbert"]
[Result "1/2-1/2"]
[WhiteElo "2385"]
[BlackElo "2155"]
[EventDate "2013.07.20"]
[PlyCount "75"]

1.Nf3 Nf6 2.g3 g6 3.b3 d5 4.Bg2 Bg7 5.Bb2 c6 6.c4 Bg4 7.Na3 O-O 8.O-O Bxf3
9.Bxf3 e6 10.d3 Nbd7 11.Qd2 a6 12.Rac1 Rc8 13.Rc2 Ne8 14.Bxg7 Kxg7 15.Qc3+
Nef6 16.Rfc1 Qe7 17.Nb1 Nb6 18.Nd2 Rfd8 19.d4 h5 20.Qe3 Re8 21.Bg2 Ng4 22.
Qc3 Rcd8 23.e4 dxc4 24.Nxc4 Nxc4 25.Qxc4 Nf6 26.Qc3 Rd7 27.Rd2 Red8 28.
Rcd1 Kh7 29.b4 Ne8 30.d5 cxd5 31.exd5 exd5 32.Rxd5 Rxd5 33.Rxd5 Rxd5 34.
Bxd5 Nd6 35.h4 Nb5 36.Qc5 Qd7 37.Be4 Kg7 38.Qe5+ 1/2-1/2

[Event "EU-chT Seniors 15th"]
[Site "Dresden"]
[Date "2013.07.25"]
[Round "6"]
[White "Uhlmann, Wolfgang"]
[Black "Lehmann, Karl Heinz"]
[Result "1-0"]
[WhiteElo "2340"]
[BlackElo "2114"]
[EventDate "2013.07.20"]
[PlyCount "63"]

1.c4 e5 2.Nc3 Nf6 3.Nf3 Nc6 4.g3 d5 5.cxd5 Nxd5 6.Bg2 Nb6 7.a3 Be7 8.d3 
Be6 9.O-O O-O 10.Be3 f6 11.Rc1 Nd4 12.Bxd4 exd4 13.Nb5 c5 14.b4 cxb4 15.
Nc7 Qd7 16.Nxe6 Qxe6 17.Nxd4 Qd7 18.Qb3+ Kh8 19.Ne6 Rfc8 20.axb4 Bxb4 21.
Qxb4 Qxe6 22.Bxb7 Rxc1 23.Rxc1 Rb8 24.Bf3 Qd7 25.Ra1 Re8 26.Ra5 g6 27.h4 
Kg7 28.Qf4 Re7 29.Rc5 Qa4 30.d4 Qb4 31.h5 g5 32.h6+ 1-0

[Event "EU-chT Seniors 15th"]
[Site "Dresden"]
[Date "2013.07.25"]
[Round "6"]
[White "Weber, Bernd"]
[Black "Werner, Clemens"]
[Result "1/2-1/2"]
[WhiteElo "2155"]
[BlackElo "2337"]
[EventDate "2013.07.20"]
[PlyCount "59"]

1.d4 g6 2.c4 Bg7 3.Nc3 Nf6 4.e4 O-O 5.Be2 d6 6.Be3 Na6 7.Nf3 e5 8.d5 Ng4 
9.Bg5 f6 10.Bh4 h5 11.Nd2 Nh6 12.f3 c5 13.g4 hxg4 14.fxg4 Nf7 15.Rf1 Ng5 
16.Bxg5 fxg5 17.Bf3 Nc7 18.Qe2 a6 19.O-O-O b5 20.b3 Bd7 21.Qe3 Bf6 22.Rf2 
Kg7 23.Rdf1 b4 24.Na4 Bxa4 25.bxa4 Qd7 26.Bd1 a5 27.h3 Be7 28.Rxf8 Rxf8 
29.Rxf8 Kxf8 30.Nf3 1/2-1/2

[Event "EU-chT Seniors 15th"]
[Site "Dresden"]
[Date "2013.07.25"]
[Round "6"]
[White "Hedin, Gunnar"]
[Black "Jeske, Eckhard"]
[Result "1-0"]
[WhiteElo "2117"]
[BlackElo "2231"]
[EventDate "2013.07.20"]
[PlyCount "65"]

1.d4 Nf6 2.c4 c6 3.Nc3 d5 4.Nf3 g6 5.cxd5 Nxd5 6.e4 Nb6 7.h3 Bg7 8.Be2 O-O
9.O-O Be6 10.Bg5 Re8 11.Rc1 Bc4 12.Bxc4 Nxc4 13.Qe2 Nb6 14.Rfd1 Na6 15.d5 
cxd5 16.Nxd5 Nxd5 17.Rxd5 Qb6 18.Rb5 Qe6 19.Rxb7 h6 20.Be3 Qxa2 21.Bxa7 
Nb4 22.Bd4 Rab8 23.Qb5 Na6 24.Bxg7 Kxg7 25.Qe5+ Kg8 26.Rxe7 Rxe7 27.Qxe7 
Qxb2 28.Rc6 Qb4 29.Qf6 Nc5 30.Ne5 Rf8 31.Nxf7 Qxe4 32.Nxh6+ Kh7 33.Rc7+ 
1-0